| Поле | Название | Значение |
| |
Тип записи |
a |
| |
Библиографический уровень |
m |
| 001 |
Контрольный номер |
RU/URAIT/563280 |
| 005 |
Дата корректировки |
20260429163558.3 |
| 008 |
Кодируемые данные |
260429s2025 RU y f j 000 0 rus u |
| 020 |
Индекс ISBN |
__ |
| a |
ISBN |
978-5-534-09708-5 |
| c |
Цена, тираж |
1959.00 |
| 040 |
Источник каталогиз. |
__ |
| a |
Служба первич. каталог. |
ИКО Юрайт |
| c |
Служба, преобразующая запись |
ИКО Юрайт |
| e |
Правила каталог. |
RCR |
| 041 |
Код языка издания |
__ |
| a |
Код языка текста |
rus |
| 044 |
Код страны публикации |
__ |
| a |
Код страны публикации |
RU |
| 080 |
Индекс УДК |
__ |
| a |
Индекс УДК |
7.03 |
| 084 |
Индекс другой классификации/Индекс ББК |
__ |
| 2 |
Источник индекса |
rubbk |
| a |
Индекс другой классификации/Индекс ББК |
85 |
| 100 |
Автор |
__ |
| a |
Автор |
Стасов В. В. |
| q |
Полное имя |
Стасов Владимир Васильевич |
| 245 |
Заглавие |
__ |
| a |
Заглавие |
Живопись, скульптура, музыка. Избранные сочинения в 6 ч. Часть 6 |
| b |
Продолж. заглавия |
- служебная - для во и спо |
| c |
Ответственность |
В. В. Стасов. |
| 256 |
Характеристики компьютерного файла |
__ |
| a |
Характеристики компьютерного файла |
Электрон. дан. |
| 260 |
Выходные данные |
__ |
| a |
Место издания |
Москва |
| b |
Издательство |
Юрайт |
| c |
Дата издания |
2025 |
| 300 |
Физическое описание |
__ |
| a |
Объем |
479 с |
| 440 |
Серия |
__ |
| a |
Серия |
Антология мысли |
| 500 |
Примечания |
__ |
| a |
Примечание |
URL: https://urait.ru/bcode/563280 (дата обращения: 29.04.2026). |
| 520 |
Аннотация |
__ |
| a |
Аннотация |
Настоящее издание включает в себя работы крупнейшего русского музыкального и художественного критика В. В. Стасова. Книга состоит из шести частей. В шестую часть входят монографии и исторические обзоры, посвященные выдающимся музыкантам, а также искусству XIX века. Материалы изложены в хронологической последовательности, т. е. в том порядке, в каком они впервые были опубликованы. Издание сопровождается большим количеством иллюстративного материала, который способствует лучшему усвоению материалов книги. |
| 538 |
Прим. о системных особенностях |
__ |
| a |
Прим. о системных особенностях |
Режим доступа: Электронно-библиотечная система Юрайт, для авториз. пользователей |
| 653 |
Ключевые слова |
__ |
| a |
Ключевые слова |
Искусствознание. История искусств |
| 653 |
Ключевые слова |
__ |
| a |
Ключевые слова |
Гуманитарные науки |
| 653 |
Ключевые слова |
__ |
| a |
Ключевые слова |
Введение в историю искусства |
| 653 |
Ключевые слова |
__ |
| a |
Ключевые слова |
История культуры России |
| 653 |
Ключевые слова |
__ |
| a |
Ключевые слова |
Всеобщая история искусства |
| 653 |
Ключевые слова |
__ |
| a |
Ключевые слова |
История отечественной культуры |
| 653 |
Ключевые слова |
__ |
| a |
Ключевые слова |
История культуры |
| 653 |
Ключевые слова |
__ |
| a |
Ключевые слова |
История искусства |
| 653 |
Ключевые слова |
__ |
| a |
Ключевые слова |
История искусства (изобразительного, театрального, кино, архитектуры) |
| 653 |
Ключевые слова |
__ |
| a |
Ключевые слова |
История русской культуры |
| 653 |
Ключевые слова |
__ |
| a |
Ключевые слова |
Музыкальная журналистика |
| 653 |
Ключевые слова |
__ |
| a |
Ключевые слова |
Музыкальная критика |
| 653 |
Ключевые слова |
__ |
| a |
Ключевые слова |
Музыкальная критика и журналистика |
| 653 |
Ключевые слова |
__ |
| a |
Ключевые слова |
История искусств |
| 653 |
Ключевые слова |
__ |
| a |
Ключевые слова |
История пространственных и пластических искусств (живопись, скульптура, дизайн, сценография, архитектура) |
| 653 |
Ключевые слова |
__ |
| a |
Ключевые слова |
История культуры дореволюционной России |
| 653 |
Ключевые слова |
__ |
| a |
Ключевые слова |
История искусств: музыкального, театрального, изобразительного, хореографического |
| 856 |
Электронный адрес документа |
40 |
| n |
Местонахождение сервера |
Юрайт |
| g |
|
Электронная книга |
| q |
Тип электронного формата |
html |
| h |
Имя пользователя |
ЮРАЙТ |
| v |
Часы доступа к ресурсу |
20271231 |
| 2 |
Способ доступа |
Показать документ |
| x |
Служебное примечание |
https://urait.ru/book/cover/03918AD0-C66B-48AF-899C-FA24828AD078 |
| u |
URL |
https://urait.ru/bcode/563280 |
| 856 |
Электронный адрес документа |
48 |
| q |
Тип электронного формата |
cover |
| u |
URL |
https://urait.ru/book/cover/03918AD0-C66B-48AF-899C-FA24828AD078 |
| 911 |
|
__ |
| u |
|
0030=https://urait.ru/bcode/563280 |
| 911 |
|
__ |
| u |
|
073a=9785534097085 |
| u |
|
073d=1959.00 |
| 911 |
|
__ |
| u |
|
106a=s |
| 911 |
|
__ |
| u |
|
900l= |
| 952 |
Тип литературы |
__ |
| i |
Дисциплина |
Введение в историю искусства |
| 952 |
Тип литературы |
__ |
| i |
Дисциплина |
История культуры России |
| 952 |
Тип литературы |
__ |
| i |
Дисциплина |
Всеобщая история искусства |
| 952 |
Тип литературы |
__ |
| i |
Дисциплина |
История отечественной культуры |
| 952 |
Тип литературы |
__ |
| i |
Дисциплина |
История культуры |
| 952 |
Тип литературы |
__ |
| i |
Дисциплина |
История искусства |
| 952 |
Тип литературы |
__ |
| i |
Дисциплина |
История искусства (изобразительного, театрального, кино, архитектуры) |
| 952 |
Тип литературы |
__ |
| i |
Дисциплина |
История русской культуры |
| 952 |
Тип литературы |
__ |
| i |
Дисциплина |
Музыкальная журналистика |
| 952 |
Тип литературы |
__ |
| i |
Дисциплина |
Музыкальная критика |
| 952 |
Тип литературы |
__ |
| i |
Дисциплина |
Музыкальная критика и журналистика |
| 952 |
Тип литературы |
__ |
| i |
Дисциплина |
История искусств |
| 952 |
Тип литературы |
__ |
| i |
Дисциплина |
История пространственных и пластических искусств (живопись, скульптура, дизайн, сценография, архитектура) |
| 952 |
Тип литературы |
__ |
| i |
Дисциплина |
История культуры дореволюционной России |
| 952 |
Тип литературы |
__ |
| i |
Дисциплина |
История искусств: музыкального, театрального, изобразительного, хореографического |